| 000 | 00847cab a2200265 4500 | ||
|---|---|---|---|
| 001 | ABS56805 | ||
| 008 | 090401t1997 xxu||||| |||| 00| 0 eng d | ||
| 035 | _a(Sirsi) u77887 | ||
| 041 | _aeng | ||
| 100 | _aBhuta, C. | ||
| 245 | _aLife cycle costs and early decisions | ||
| 260 | _c1997 | ||
| 350 | _a0 | ||
| 490 |
_aBuilding Economist _vMarch 1997, 4-8(5) |
||
| 520 | _aLooks at life cycle costing and discusses how the concept can be used at the design stage of a building development to maximise potential savings and reduce long-term costs. | ||
| 650 | _aDESIGN PROCESS | ||
| 650 | _aLIFE CYCLE COST ANALYSIS | ||
| 650 | _aLIFE CYCLE COST MANAGEMENT | ||
| 650 | _aLIFE CYCLE COSTING | ||
| 650 | _aMAINTENANCE COSTS | ||
| 690 | _aBUILT ENVIRONMENT-BUILDING COSTS | ||
| 700 | _aSarma, V. | ||
| 942 | _n0 | ||
| 948 | _c23/04/1997 | ||
| 999 |
_c48973 _d48973 |
||